[Event "Titled Tue 27th May Late"]
[Site "chess.com INT"]
[Date "2025.05.27"]
[Round "9"]
[White "Smieszek, Wojciech"]
[Black "Caprio, Guido"]
[Result "1/2-1/2"]
[WhiteTitle "CM"]
[BlackTitle "IM"]
[WhiteElo "2141"]
[BlackElo "2435"]
[WhiteFideId "1156047"]
[BlackFideId "834580"]
[EventDate "2025.05.27"]

1. e4 e6 2. d4 d5 3. Bd3 dxe4 4. Bxe4 Nf6 5. Bf3 c5 6. Ne2 Nc6 7. Be3 Nd5 8.
Bxd5 Qxd5 9. Nbc3 Qxg2 10. Rg1 Qxh2 11. Bf4 Qh5 12. Nb5 f6 13. Nc7+ Kf7 14. Nxa8
cxd4 15. Ng3 Qxd1+ 16. Rxd1 e5 17. Bd2 Bd6 18. Ne4 Bb8 19. b4 b6 20. b5 Ne7 21.
Bb4 Bb7 22. Nd6+ Bxd6 23. Bxd6 Nf5 24. Bb4 Rxa8 25. c3 Rc8 26. cxd4 Nxd4 27. Rg4
Rc4 28. Ba3 Nf3+ 29. Ke2 Rxg4 30. Rd7+ Ke6 31. Rxb7 Nd4+ 32. Kf1 Nxb5 33. Bb2
Ra4 34. a3 g5 35. Rxh7 Nxa3 36. Rh8 Nc4 37. Bc3 Ra3 38. Bb4 Ra2 39. Re8+ Kf5 40.
Rf8 a5 41. Be7 Nd2+ 42. Kg1 Ne4 43. f3 Ke6 44. Bd8 Nd2 45. Rxf6+ Kd5 46. Bxb6 a4
47. Be3 Nc4 48. Bxg5 a3 49. Ra6 Rc2 50. f4 a2 51. fxe5 Rb2 52. Bc1 Rb1 53. Rxa2
Rxc1+ 54. Kf2 Nxe5 55. Ra5+ Ke4 56. Ra4+ Nc4 57. Ke2 Rc2+ 58. Kd1 Kd3 59. Ke1
Re2+ 60. Kf1 Nd2+ 61. Kg1 Nf3+ 62. Kf1 Nd2+ 63. Kg1 Ke3 64. Ra3+ Kf4 65. Rc3 Ne4
66. Ra3 Re1+ 67. Kg2 Nd2 68. Ra4+ Ke3 69. Ra3+ Ke2 70. Ra2 Rb1 71. Kg3 Rb5 72.
Kf4 Kd3 73. Kg4 Ne4 74. Kf4 Nc3 75. Ra3 Rb7 76. Kg4 Kd4 77. Kg5 Rf7 78. Kg6 Rf2
79. Ra8 Nd5 80. Rd8 Rg2+ 81. Kf5 Rf2+ 82. Kg6 Ke5 83. Re8+ Kd6 84. Rd8+ Ke6 85.
Ra8 Ne7+ 86. Kg5 Rg2+ 87. Kf4 Nd5+ 88. Kf3 Rg7 89. Re8+ Kf5 90. Rf8+ Nf6 91. Ra8
Rd7 92. Ke3 Nd5+ 93. Kf3 Nc7 94. Ra7 Re7 95. Kf2 Ke6 96. Kf3 Rf7+ 97. Kg3 Kd6
98. Kh3 Rf5 99. Kg4 Rd5 100. Kh3 Ne6 101. Ra6+ Ke5 102. Ra4 Kf5 103. Kg3 Ng5
104. Kg2 Rd2+ 1/2-1/2

[Event "Titled Tue 27th May Late"]
[Site "chess.com INT"]
[Date "2025.05.27"]
[Round "10"]
[White "Tekeyev, Zaur"]
[Black "Avila Bautista, Roberto Al"]
[Result "1-0"]
[WhiteTitle "IM"]
[BlackTitle "FM"]
[WhiteElo "2417"]
[BlackElo "2306"]
[WhiteFideId "4199731"]
[BlackFideId "5119987"]
[EventDate "2025.05.27"]

1. e4 c5 2. Nf3 g6 3. Bc4 Bg7 4. O-O d6 5. d4 cxd4 6. c3 d3 7. Bxd3 Nc6 8. Be3
Bg4 9. h3 Bxf3 10. Qxf3 Nf6 11. Qe2 O-O 12. Na3 Nd7 13. Rad1 b6 14. Bb5 Rc8 15.
Ba6 Rb8 16. Bg5 Re8 17. Rxd6 Qc7 18. Nb5 Qxd6 19. Nxd6 exd6 20. Bb5 Rbc8 21. Rd1
Nc5 22. f3 h6 23. Bf4 Ne5 24. Bxe8 1-0

[Event "Titled Tue 27th May Late"]
[Site "chess.com INT"]
[Date "2025.05.27"]
[Round "10"]
[White "Sailer, Mike"]
[Black "Pereyra, Horacio"]
[Result "0-1"]
[WhiteElo "2108"]
[BlackElo "2133"]
[WhiteFideId "2012901"]
[BlackFideId "113700"]
[EventDate "2025.05.27"]

1. d4 g6 2. Nf3 Bg7 3. Bf4 d6 4. e3 Nd7 5. Be2 e5 6. Bg3 Ne7 7. O-O Nf5 8. c4
O-O 9. Nc3 Nxg3 10. hxg3 f5 11. b4 e4 12. Nd2 Nf6 13. a4 c6 14. b5 Qe7 15. a5 a6
16. bxc6 bxc6 17. Na4 Be6 18. Nb6 Rad8 19. Rc1 Bf7 20. c5 d5 21. Bxa6 g5 22. Be2
f4 23. gxf4 gxf4 24. exf4 e3 25. Nf3 exf2+ 26. Rxf2 Ng4 27. Ne5 Nxf2 28. Kxf2
Qh4+ 29. Kg1 Qxf4 30. Nxf7 Bxd4+ 0-1

[Event "Titled Tue 27th May Late"]
[Site "chess.com INT"]
[Date "2025.05.27"]
[Round "10"]
[White "Yushko, Olga"]
[Black "Gomez Gonzales, Fabiana"]
[Result "1-0"]
[WhiteTitle "WFM"]
[BlackTitle "WCM"]
[WhiteElo "2036"]
[BlackElo "1843"]
[WhiteFideId "14114500"]
[BlackFideId "3860191"]
[EventDate "2025.05.27"]

1. d4 Nf6 2. c4 e6 3. Nc3 Bb4 4. f3 d5 5. e3 O-O 6. Bd3 a6 7. a3 Bxc3+ 8. bxc3
c5 9. cxd5 exd5 10. dxc5 Qa5 11. Bb2 Qxc5 12. Qd2 Re8 13. Kf2 Nc6 14. Ne2 Ne5
15. Nd4 Qb6 16. Rab1 Qd6 17. Rhd1 Neg4+ 18. fxg4 Nxg4+ 19. Kf3 Qf6+ 20. Kg3 Qf2+
21. Qxf2 Nxf2 22. Kxf2 1-0

[Event "Titled Tue 27th May Late"]
[Site "chess.com INT"]
[Date "2025.05.27"]
[Round "10"]
[White "Nouali, Mohamed"]
[Black "Brancaleoni, Maurizio"]
[Result "0-1"]
[WhiteTitle "FM"]
[BlackTitle "FM"]
[WhiteElo "2157"]
[BlackElo "2185"]
[WhiteFideId "5502462"]
[BlackFideId "803022"]
[EventDate "2025.05.27"]

1. b3 d5 2. Bb2 Bg4 3. Nf3 Bxf3 4. exf3 Nf6 5. d4 g6 6. Bd3 Bg7 7. Nd2 O-O 8. h4
h5 9. g4 Nc6 10. a3 Re8 11. Kf1 e5 12. dxe5 Nxe5 13. Be2 Qd6 14. g5 Nfd7 15. f4
Nc6 16. f5 Bxb2 17. fxg6 fxg6 0-1

[Event "Titled Tue 27th May Late"]
[Site "chess.com INT"]
[Date "2025.05.27"]
[Round "10"]
[White "Tologon tegin, Semetei"]
[Black "Gutkin, Ilya"]
[Result "1-0"]
[WhiteTitle "IM"]
[BlackTitle "FM"]
[WhiteElo "2313"]
[BlackElo "2320"]
[WhiteFideId "13800574"]
[BlackFideId "16203470"]
[EventDate "2025.05.27"]

1. f4 d5 2. Nf3 g6 3. e3 Bg7 4. Be2 Nh6 5. O-O c5 6. Bb5+ Nd7 7. Nc3 d4 8. Ne4
Qb6 9. a4 O-O 10. Qe2 Nf5 11. a5 Qc7 12. a6 b6 13. c3 Nf6 14. Nxf6+ Bxf6 15. e4
dxc3 16. dxc3 Nh4 17. e5 Nxf3+ 18. Qxf3 Bg7 19. Qxa8 Bd7 20. Qb7 Qxb7 21. axb7
Bxb5 22. Rxa7 Bc6 23. Rd1 h5 24. Be3 Kh7 25. b4 cxb4 26. cxb4 b5 27. Rc1 1-0

[Event "Titled Tue 27th May Late"]
[Site "chess.com INT"]
[Date "2025.05.27"]
[Round "10"]
[White "Garbuz, Vitaliy"]
[Black "Sydoryka, Vladyslav"]
[Result "0-1"]
[WhiteTitle "CM"]
[BlackTitle "FM"]
[WhiteElo "2224"]
[BlackElo "2224"]
[WhiteFideId "12990710"]
[BlackFideId "14145928"]
[EventDate "2025.05.27"]

1. e4 c6 2. d4 d5 3. exd5 cxd5 4. c4 Nf6 5. Nc3 Nc6 6. Bg5 dxc4 7. Bxc4 h6 8.
Bh4 Qxd4 9. Qxd4 Nxd4 10. O-O-O e5 11. f4 Bg4 12. Nf3 Bxf3 13. gxf3 Rc8 14. fxe5
Rxc4 15. exf6 Ne6 16. Bf2 gxf6 17. Bxa7 Bb4 18. Kc2 Bxc3 19. bxc3 O-O 20. Rd7
Ra4 21. Rxb7 Rxa2+ 22. Kb3 Ra6 23. Rg1+ Kh7 24. Bd4 h5 25. Rb5 Nxd4+ 26. cxd4
Kh6 27. Rc1 Rfa8 28. Rc7 Ra3+ 29. Kb4 R8a4+ 30. Kc5 Rc3+ 31. Kb6 Rxc7 32. Kxc7
Rxd4 33. Rf5 Kg6 34. Rc5 f5 35. Rc2 Kg5 36. Rg2+ Kf4 37. Rg7 Kxf3 38. Rxf7 f4
39. Kc6 Kg2 40. Kc5 Ra4 41. Rh7 f3 42. Ra7 Rxa7 0-1

[Event "Titled Tue 27th May Late"]
[Site "chess.com INT"]
[Date "2025.05.27"]
[Round "10"]
[White "Yang, Kaiqi"]
[Black "Topuz, Mirac Melih"]
[Result "1-0"]
[WhiteTitle "GM"]
[BlackTitle "CM"]
[WhiteElo "2481"]
[BlackElo "2130"]
[WhiteFideId "8604398"]
[BlackFideId "26364611"]
[EventDate "2025.05.27"]

1. e4 c5 2. Nf3 e6 3. b3 b6 4. Bb2 Bb7 5. d4 Bxe4 6. Nbd2 Bb7 7. Bd3 Nf6 8. O-O
cxd4 9. Nxd4 Be7 10. Re1 O-O 11. Re3 d5 12. Rg3 Bd6 13. Rh3 h6 14. N2f3 Nbd7 15.
c4 dxc4 16. Bxc4 Ne5 17. Be2 1-0

[Event "Titled Tue 27th May Late"]
[Site "chess.com INT"]
[Date "2025.05.27"]
[Round "10"]
[White "Zuferi, Enis"]
[Black "Arkell, Keith C"]
[Result "1-0"]
[WhiteTitle "FM"]
[BlackTitle "GM"]
[WhiteElo "2351"]
[BlackElo "2342"]
[WhiteFideId "24692530"]
[BlackFideId "400270"]
[EventDate "2025.05.27"]

1. d4 e6 2. c4 Bb4+ 3. Nd2 c5 4. Nf3 cxd4 5. Nxd4 Nc6 6. Nf3 Nf6 7. e3 O-O 8.
Be2 b6 9. O-O Bb7 10. a3 Be7 11. b4 d6 12. Bb2 Qc7 13. Rc1 Ne5 14. Nxe5 dxe5 15.
Nf3 Nd7 16. Qb3 h6 17. Rc2 Bf6 18. Rfc1 Rfd8 19. c5 bxc5 20. bxc5 Bc6 21. Qc4
Rab8 22. h3 Bd5 23. Qg4 Rdc8 24. c6 Bxc6 25. Ba6 Rxb2 26. Rxb2 Bxf3 27. Rxc7
Rxc7 28. gxf3 Rc1+ 29. Kg2 Nc5 30. Rb8+ Kh7 31. Bd3+ g6 32. Bb1 Kg7 33. Rc8 h5
34. Qb4 Be7 35. Qb5 a6 36. Qe8 Kf6 37. Qh8+ Kg5 38. Qxe5+ Kh6 39. Rh8# 1-0

[Event "Titled Tue 27th May Late"]
[Site "chess.com INT"]
[Date "2025.05.27"]
[Round "10"]
[White "Pribelszky, Bence"]
[Black "Schuster, Karsten"]
[Result "1-0"]
[WhiteTitle "IM"]
[BlackTitle "FM"]
[WhiteElo "2400"]
[BlackElo "2266"]
[WhiteFideId "769738"]
[BlackFideId "4611071"]
[EventDate "2025.05.27"]

1. b3 d5 2. Bb2 c5 3. e3 Nc6 4. Bb5 Qc7 5. f4 Bf5 6. Nf3 h6 7. O-O e6 8. d3 Nf6
9. Nbd2 Bh7 10. Ne5 Bd6 11. Bxc6+ bxc6 12. Ng4 Be7 13. e4 O-O-O 14. Ne5 Bd6 15.
Qe2 Rhf8 16. g3 Ne8 17. d4 f6 18. Qa6+ Qb7 19. Qxc6+ Qxc6 20. Nxc6 Rd7 21. e5
fxe5 22. fxe5 Rxf1+ 23. Rxf1 Be7 24. Nxe7+ Rxe7 25. Ba3 Bxc2 26. Bxc5 Rb7 27.
Rf8 Kd7 28. Nf3 Nc7 29. Rf7+ Kc6 30. Rxg7 a5 31. Bd6 a4 32. Rxc7+ Rxc7 33. Bxc7
Kxc7 34. bxa4 Bxa4 35. Kf2 Kc6 36. Ke3 Kb5 37. Kd2 Kc4 38. g4 Be8 39. h4 Bg6 40.
Ke3 Be4 41. Nd2+ 1-0

[Event "Titled Tue 27th May Late"]
[Site "chess.com INT"]
[Date "2025.05.27"]
[Round "10"]
[White "Rose, Felix"]
[Black "Rabin, Evan"]
[Result "0-1"]
[WhiteTitle "CM"]
[WhiteElo "2093"]
[BlackElo "1945"]
[WhiteFideId "5105722"]
[BlackFideId "2028670"]
[EventDate "2025.05.27"]

1. e4 Nf6 2. e5 Nd5 3. d4 d6 4. c4 Nb6 5. exd6 cxd6 6. Nc3 g6 7. Be3 Bg7 8. Rc1
O-O 9. b3 e5 10. dxe5 dxe5 11. Qxd8 Rxd8 12. c5 N6d7 13. Nf3 Nc6 14. Ng5 h6 15.
Nge4 f5 16. Bc4+ Kh7 17. Nd6 f4 18. Bd2 Nxc5 19. Nxc8 Raxc8 20. a3 Nd4 21. b4
Ncb3 22. Bxb3 Nxb3 23. Rc2 Rxd2 24. Rxd2 Rxc3 25. Rd1 Nd4 26. O-O Rxa3 27. Kh1
Rb3 28. Rb1 Rxb1 29. Rxb1 g5 30. f3 Kg6 31. Rc1 Bf8 0-1

[Event "Titled Tue 27th May Late"]
[Site "chess.com INT"]
[Date "2025.05.27"]
[Round "10"]
[White "Leiva, Gianmarco"]
[Black "Carlsson, Ludvig"]
[Result "1-0"]
[WhiteTitle "IM"]
[BlackTitle "IM"]
[WhiteElo "2387"]
[BlackElo "2374"]
[WhiteFideId "3804399"]
[BlackFideId "1727010"]
[EventDate "2025.05.27"]

1. e4 e5 2. Nf3 Nf6 3. Nxe5 d6 4. Nf3 Nxe4 5. c4 Nc6 6. Nc3 Nxc3 7. dxc3 g6 8.
Bg5 Be7 9. Bh6 Bf8 10. Qd2 Qe7+ 11. Be3 Bg7 12. O-O-O O-O 13. h4 a5 14. h5 Nb4
15. cxb4 axb4 16. Kb1 c5 17. hxg6 fxg6 18. Bd3 b6 19. Ng5 Bg4 20. Be4 Bxd1 21.
Qd5+ Rf7 22. Qxa8+ Bf8 23. Rxd1 1-0

[Event "Titled Tue 27th May Late"]
[Site "chess.com INT"]
[Date "2025.05.27"]
[Round "10"]
[White "Korkmaz, Necmettin"]
[Black "Chen, Yidong"]
[Result "1-0"]
[WhiteTitle "CM"]
[WhiteElo "2059"]
[BlackElo "2038"]
[WhiteFideId "6303285"]
[BlackFideId "8607028"]
[EventDate "2025.05.27"]

1. e4 c5 2. Nf3 d6 3. d4 cxd4 4. Nxd4 Nf6 5. Nc3 a6 6. Bg5 e6 7. f4 Nbd7 8. Qf3
Be7 9. O-O-O Qc7 10. Bd3 h6 11. Bh4 g5 12. fxg5 Ne5 13. Qe2 Nfd7 14. Nxe6 fxe6
15. Qh5+ Kd8 16. g6 Nxg6 17. Qxg6 Bxh4 18. Qxe6 Ne5 19. Qb3 Bg4 20. Be2 Bxe2 21.
Nxe2 Rc8 22. Nd4 Qc4 23. Qxb7 Bg5+ 24. Kb1 Be3 25. Nf5 Qxc2+ 26. Ka1 Bc5 27.
Qe7# 1-0

[Event "Titled Tue 27th May Late"]
[Site "chess.com INT"]
[Date "2025.05.27"]
[Round "10"]
[White "Navoyan, Gagik"]
[Black "Petriashvili, Nikoloz"]
[Result "1-0"]
[WhiteTitle "CM"]
[BlackTitle "IM"]
[WhiteElo "2186"]
[BlackElo "2468"]
[WhiteFideId "13314866"]
[BlackFideId "13611216"]
[EventDate "2025.05.27"]

1. e4 Na6 2. d4 c6 3. c3 d5 4. e5 Bf5 5. Nf3 e6 6. Bd3 Ne7 7. O-O Bg4 8. h3 Bh5
9. Nbd2 Bg6 10. Bxg6 hxg6 11. Re1 Nf5 12. Nf1 c5 13. Ng3 Be7 14. Nxf5 gxf5 15.
Be3 Qb6 16. Rb1 cxd4 17. Nxd4 Qa5 18. a4 g6 19. b4 Qd8 20. Nb5 Nc7 21. Nxa7 Qb8
22. b5 Kf8 23. a5 Kg7 24. Qd4 Rh4 25. f4 Ne8 26. a6 Rh8 27. b6 Kh7 28. Qa4 Ng7
29. Qd7 Qd8 30. Qxb7 Rb8 31. Nc6 Rxb7 32. Nxd8 Rxd8 33. axb7 Rb8 34. Ra1 Bh4 35.
Reb1 1-0

[Event "Titled Tue 27th May Late"]
[Site "chess.com INT"]
[Date "2025.05.27"]
[Round "10"]
[White "Fascio Outerbridge, Arno Augusto"]
[Black "Guliev, Gasan"]
[Result "0-1"]
[WhiteTitle "CM"]
[BlackTitle "CM"]
[WhiteElo "2060"]
[BlackElo "2123"]
[WhiteFideId "6610862"]
[BlackFideId "34165638"]
[EventDate "2025.05.27"]

1. Nf3 Nf6 2. d4 d5 3. g3 e6 4. Bg2 c5 5. O-O Nc6 6. c4 dxc4 7. Qa4 Bd7 8. Qxc4
b5 9. Qxb5 Nxd4 10. Qd3 Bb5 11. Qd1 Bxe2 12. Qa4+ Bb5 13. Qd1 Bxf1 14. Qxf1
Nxf3+ 15. Bxf3 Nd5 16. Nc3 Be7 17. Qb5+ Qd7 18. Bxd5 exd5 19. Nxd5 Qxb5 20. Nc7+
Kd7 21. Nxb5 Kc6 22. Nc3 Bf6 23. Na4 Rab8 24. Bf4 Rb4 25. Nc3 Rxb2 26. Ne4 Bd4
27. Rc1 f5 28. Nd2 Rxa2 29. Kh1 Ra1 30. Nb3 Rxc1+ 31. Nxc1 c4 32. Nd3 cxd3 0-1

[Event "Titled Tue 27th May Late"]
[Site "chess.com INT"]
[Date "2025.05.27"]
[Round "10"]
[White "Yang, Daniel"]
[Black "Calvo Gonzalez, Jose Felix"]
[Result "1-0"]
[WhiteTitle "CM"]
[BlackTitle "CM"]
[WhiteElo "2213"]
[BlackElo "2168"]
[WhiteFideId "30976340"]
[BlackFideId "54505615"]
[EventDate "2025.05.27"]

1. Nf3 Nf6 2. g3 g6 3. Bg2 Bg7 4. O-O O-O 5. c4 c5 6. d4 cxd4 7. Nxd4 Nc6 8. e3
Rb8 9. b3 d6 10. Bb2 Bd7 11. Nc3 Qc8 12. Re1 Rd8 13. Nd5 Nxd5 14. cxd5 Nxd4 15.
Bxd4 Bxd4 16. Qxd4 Qc5 17. Qh4 Re8 18. Rec1 Qb6 19. Rc2 Rbc8 20. Rac1 Rxc2 21.
Rxc2 a5 22. h3 a4 23. b4 Bf5 24. e4 Qxb4 25. Rc7 Bc8 26. Rxe7 Qb5 27. Bf1 Rxe7
28. Bxb5 Re5 29. Qd8+ 1-0

[Event "Titled Tue 27th May Late"]
[Site "chess.com INT"]
[Date "2025.05.27"]
[Round "10"]
[White "Lazaro Azcutia, Miguel"]
[Black "Shapiro, Daniel"]
[Result "1-0"]
[WhiteTitle "CM"]
[BlackTitle "FM"]
[WhiteElo "2275"]
[BlackElo "2284"]
[WhiteFideId "54538254"]
[BlackFideId "2001780"]
[EventDate "2025.05.27"]

1. e4 c5 2. Nf3 Nc6 3. d4 cxd4 4. Nxd4 Nf6 5. Nc3 d6 6. Bg5 Qb6 7. Nb3 e6 8.
Bxf6 gxf6 9. Qd3 a6 10. f4 Qc7 11. O-O-O Be7 12. Be2 b5 13. Bh5 Bb7 14. f5 Ne5
15. Qh3 exf5 16. Qxf5 Rg8 17. g4 Rc8 18. Rd2 Nc4 19. Re2 Nxb2 20. Nd5 Bxd5 21.
exd5 Qc3 22. Kb1 Nc4 23. Qxc8# 1-0

[Event "Titled Tue 27th May Late"]
[Site "chess.com INT"]
[Date "2025.05.27"]
[Round "10"]
[White "Rees, Ioan"]
[Black "Avramidou, Anastasia"]
[Result "0-1"]
[WhiteTitle "FM"]
[BlackTitle "FM"]
[WhiteElo "2288"]
[BlackElo "2294"]
[WhiteFideId "1801236"]
[BlackFideId "4239873"]
[EventDate "2025.05.27"]

1. Nf3 Nf6 2. g3 d5 3. Bg2 g6 4. c4 Bg7 5. O-O O-O 6. b3 Ne4 7. d4 c6 8. Bb2 Bf5
9. Nc3 Nxc3 10. Bxc3 Be4 11. Rc1 a5 12. Ne1 Bxg2 13. Nxg2 a4 14. Qd3 axb3 15.
axb3 Nd7 16. e4 dxe4 17. Qxe4 Nf6 18. Qe2 Re8 19. Rfd1 Qb6 20. Qc2 Ra3 21. Rb1
Rea8 22. Ne3 Nd7 23. d5 Ra2 24. Rb2 Rxb2 25. Qxb2 Bxc3 26. Qxc3 Nc5 27. dxc6
bxc6 28. Ng4 f6 29. Qe3 Qxb3 30. Nh6+ Kg7 31. Qxe7+ Kxh6 32. Qe3+ Qxe3 0-1

[Event "Titled Tue 27th May Late"]
[Site "chess.com INT"]
[Date "2025.05.27"]
[Round "10"]
[White "Howell, David W L"]
[Black "Simonovic, Miroslav"]
[Result "1-0"]
[WhiteTitle "GM"]
[BlackTitle "CM"]
[WhiteElo "2668"]
[BlackElo "2092"]
[WhiteFideId "410608"]
[BlackFideId "919152"]
[EventDate "2025.05.27"]

1. f4 d6 2. Nf3 g6 3. e4 Bg7 4. d4 a6 5. Bd3 b5 6. O-O Bb7 7. c3 Nd7 8. a4 c5 9.
e5 c4 10. Bc2 e6 11. Nbd2 dxe5 12. fxe5 Ne7 13. Ng5 O-O 14. Qg4 Nd5 15. Ndf3 h6
16. Ne4 Kh7 17. Nfg5+ Kg8 18. Nf3 Kh7 19. Nd6 Bc6 20. Nxf7 Rxf7 21. Bxg6+ Kh8
22. Bxf7 Qe7 23. Nh4 Nf8 24. Bxh6 1-0

[Event "Titled Tue 27th May Late"]
[Site "chess.com INT"]
[Date "2025.05.27"]
[Round "10"]
[White "Steinberg, Nitzan"]
[Black "Vlassov, Nikolai"]
[Result "1/2-1/2"]
[WhiteTitle "GM"]
[BlackTitle "IM"]
[WhiteElo "2554"]
[BlackElo "2291"]
[WhiteFideId "2801795"]
[BlackFideId "4103360"]
[EventDate "2025.05.27"]

1. e4 Nc6 2. Nf3 d5 3. exd5 Qxd5 4. c4 Qh5 5. d4 Bg4 6. Be2 O-O-O 7. Be3 Nf6 8.
Nbd2 e5 9. d5 e4 10. dxc6 exf3 11. cxb7+ Kxb7 12. Bxf3+ Bxf3 13. Qxf3+ Qxf3 14.
Nxf3 Ng4 15. Rd1 Rxd1+ 16. Kxd1 Nxe3+ 17. fxe3 Bc5 18. Re1 Re8 19. e4 Re6 20.
Kc2 h6 21. Re2 a5 22. h3 a4 23. Ne1 Bd4 24. Nd3 f5 25. Nf4 Rxe4 26. Rxe4 fxe4
27. Ne6 c5 28. b4 axb3+ 29. axb3 Kc6 30. b4 Kd6 31. Nxc5 Bxc5 32. bxc5+ Kxc5 33.
Kc3 e3 34. Kd3 e2 35. Kxe2 Kxc4 36. Ke3 Kd5 37. Kf4 Ke6 38. h4 Kf6 39. h5 g6 40.
hxg6 Kxg6 41. Kg4 h5+ 42. Kh4 Kh6 43. g4 hxg4 44. Kxg4 1/2-1/2

[Event "Titled Tue 27th May Late"]
[Site "chess.com INT"]
[Date "2025.05.27"]
[Round "10"]
[White "Zhigalko, Sergei"]
[Black "Hamitevici, Vladimir"]
[Result "1-0"]
[WhiteTitle "GM"]
[BlackTitle "GM"]
[WhiteElo "2572"]
[BlackElo "2423"]
[WhiteFideId "13502956"]
[BlackFideId "13902393"]
[EventDate "2025.05.27"]

1. e4 a6 2. d4 c6 3. c3 d6 4. Bc4 d5 5. Bb3 dxe4 6. f3 e3 7. Bxe3 Nf6 8. Nd2 Nd5
9. Qe2 Nxe3 10. Qxe3 Bf5 11. g4 Bg6 12. f4 f6 13. f5 Bf7 14. Bxf7+ Kxf7 15. Qe6+
Ke8 16. Ne2 a5 17. Nf4 Na6 18. O-O Nc7 19. Qe2 Qd7 20. Rae1 g6 21. Ne4 Kf7 22.
Nc5 Qc8 23. Qc4+ Kg7 24. Nce6+ Nxe6 25. Nxe6+ Kh6 26. Re3 gxf5 27. gxf5 Rg8+ 28.
Kh1 Rg5 29. Rh3+ Rh5 30. Rxh5+ Kxh5 31. Qe2+ Kh6 32. Qe3+ 1-0

[Event "Titled Tue 27th May Late"]
[Site "chess.com INT"]
[Date "2025.05.27"]
[Round "10"]
[White "Onur, Cigdem"]
[Black "Amarasinghe, A A C B"]
[Result "0-1"]
[WhiteTitle "WCM"]
[BlackTitle "CM"]
[WhiteElo "1966"]
[BlackElo "1949"]
[WhiteFideId "6346030"]
[BlackFideId "9901809"]
[EventDate "2025.05.27"]

1. e4 e6 2. d4 d5 3. Nd2 c5 4. Ngf3 cxd4 5. Nxd4 Nc6 6. Bb5 Bd7 7. Nxc6 bxc6 8.
Bd3 Bd6 9. c4 Ne7 10. O-O O-O 11. Re1 f5 12. e5 Bc7 13. Qh5 Ng6 14. Nf3 Be8 15.
Ng5 h6 16. Nxe6 Nxe5 17. Qe2 Qd6 18. Nxc7 Nxd3 19. Qxd3 Qxc7 20. cxd5 cxd5 21.
Qxd5+ Bf7 22. Qxf5 Rae8 23. Be3 Qb7 24. Qg4 Re6 25. b3 Rg6 26. Qh3 Be6 27. Qg3
Rxg3 28. hxg3 Bd5 29. Bc5 Bxg2 30. Bxf8 Bh3 0-1

[Event "Titled Tue 27th May Late"]
[Site "chess.com INT"]
[Date "2025.05.27"]
[Round "10"]
[White "Barria Zuniga, Daniel"]
[Black "Herrera Ortiz, Miguel"]
[Result "1-0"]
[WhiteTitle "IM"]
[BlackTitle "IM"]
[WhiteElo "2341"]
[BlackElo "2174"]
[WhiteFideId "3400816"]
[BlackFideId "5100550"]
[EventDate "2025.05.27"]

1. d4 d5 2. c4 e6 3. Nf3 Nf6 4. Nc3 Be7 5. Bg5 O-O 6. Qc2 Nbd7 7. e3 h6 8. Bh4
c5 9. Rd1 cxd4 10. Nxd4 Nb6 11. cxd5 Nbxd5 12. Be2 Nxc3 13. bxc3 Qa5 14. O-O Bd7
15. c4 Rfd8 16. Bf3 Bc8 17. Nb3 Qa4 18. Rxd8+ Bxd8 19. Rd1 Be7 20. Bg3 a5 21. c5
Qb4 22. c6 bxc6 23. Qxc6 Bb7 24. Qxb7 Qxb7 25. Bxb7 Ra7 26. Bf3 a4 27. Nd4 a3
28. Nc6 Rb7 29. Nxe7+ Rxe7 30. Kf1 1-0

[Event "Titled Tue 27th May Late"]
[Site "chess.com INT"]
[Date "2025.05.27"]
[Round "10"]
[White "Ertan, Can"]
[Black "Skramstad, Oda Kofoed"]
[Result "0-1"]
[WhiteTitle "IM"]
[BlackTitle "WCM"]
[WhiteElo "2369"]
[BlackElo "1898"]
[WhiteFideId "6306330"]
[BlackFideId "1564862"]
[EventDate "2025.05.27"]

1. e4 c6 2. d4 d5 3. e5 Bf5 4. Nf3 e6 5. Be2 c5 6. Be3 cxd4 7. Nxd4 Bg6 8. c4
Nc6 9. cxd5 exd5 10. Nc3 Bb4 11. Rc1 Nge7 12. O-O O-O 13. f4 Bxc3 14. Rxc3 Be4
15. Nxc6 Nxc6 16. Bb5 Rc8 17. Bxc6 Rxc6 18. Rxc6 bxc6 19. Qa4 Qd7 20. Rc1 Qg4
21. Kf2 Qxg2+ 22. Ke1 Qf3 23. Qb3 h6 24. Rxc6 d4 25. Bxd4 Bxc6 26. Qxf3 Bxf3 0-1

[Event "Titled Tue 27th May Late"]
[Site "chess.com INT"]
[Date "2025.05.27"]
[Round "10"]
[White "Mendes Aaron Reeve"]
[Black "Zlatkov, Anton"]
[Result "0-1"]
[WhiteTitle "IM"]
[BlackTitle "FM"]
[WhiteElo "2335"]
[BlackElo "2322"]
[WhiteFideId "25954938"]
[BlackFideId "15005402"]
[EventDate "2025.05.27"]

1. Nf3 Nf6 2. b3 g6 3. Bb2 Bg7 4. e4 O-O 5. e5 Nd5 6. c4 Nb6 7. c5 Nd5 8. Nc3
Nxc3 9. dxc3 Nc6 10. Qd5 d6 11. cxd6 exd6 12. exd6 Re8+ 13. Be2 Bf5 14. Rd1 cxd6
15. Qd2 Qe7 16. c4 Bxb2 17. Qxb2 Nb4 18. Kf1 d5 19. a3 Nc2 20. Rd2 Nxa3 21. cxd5
Nb1 22. Rd4 Rac8 23. d6 Qd7 24. Bd3 Bxd3+ 25. Rxd3 Qb5 26. Qxb1 Qxd3+ 27. Qxd3
Rc1+ 28. Ne1 Rcxe1# 0-1

[Event "Titled Tue 27th May Late"]
[Site "chess.com INT"]
[Date "2025.05.27"]
[Round "10"]
[White "Kravtsiv, Martyn"]
[Black "Gelman, Alexander"]
[Result "1-0"]
[WhiteTitle "GM"]
[BlackTitle "IM"]
[WhiteElo "2598"]
[BlackElo "2403"]
[WhiteFideId "14113147"]
[BlackFideId "4118316"]
[EventDate "2025.05.27"]

1. e4 c5 2. Nc3 e6 3. d4 cxd4 4. Qxd4 Nc6 5. Qe3 a6 6. Nf3 b5 7. a4 b4 8. Nd5
Bd6 9. Nb6 Rb8 10. Nxc8 Qxc8 11. e5 Bc7 12. Bd3 Nge7 13. O-O Ng6 14. Bxg6 hxg6
15. Qe4 Rh5 16. Bf4 Qb7 17. c4 Na5 18. Qd3 Qc6 19. Rfd1 Rd8 20. c5 Nb7 21. Rac1
Qxa4 22. Nd4 Bxe5 23. Bxe5 Rxe5 24. Ra1 Nxc5 25. Qg3 Rd5 26. Rxa4 Nxa4 27. Qb3
Nc5 28. Qxb4 e5 29. Qe1 Rb8 30. b4 Na4 31. Nf3 Rxd1 32. Qxd1 Nc3 33. Qe1 Rxb4
34. Qxe5+ Kd8 35. Qxc3 1-0